Lettres japonaises sur la civilisation en Europe comme produit du christianisme et la voie qu'elle suit actuellement / (Record no. 54158)

MARC details
000 -LEADER
campo de control de longitud fija 00755nam a2200193 i 4500
001 - NÚMERO DE CONTROL
campo de control 54158
003 - IDENTIFICADOR DE NÚMERO DE CONTROL
campo de control ES-MaACL
005 - FECHA Y HORA DE LA ÚLTIMA TRANSACCIÓN
campo de control 20230906162915.0
007 - CAMPO FIJO DE DESCRIPCIÓN FÍSICA--INFORMACIÓN GENERAL
campo de control de longitud fija t|
008 - DATOS DE LONGITUD FIJA--INFORMACIÓN GENERAL
campo de control de longitud fija 960715s1875 fr ||||1| fre d
040 ## - FUENTE DE CATALOGACIÓN
Centro catalogador/agencia de origen CAM
Lengua de catalogación spa
Centro/agencia transcriptor CAM
245 00 - MENCIÓN DEL TÍTULO
Título Lettres japonaises sur la civilisation en Europe comme produit du christianisme et la voie qu'elle suit actuellement /
Mención de responsabilidad, etc. [signé: Sésimotto].
260 ## - PUBLICACIÓN, DISTRIBUCIÓN, ETC.
Lugar de publicación, distribución, etc. Paris :
Nombre del editor, distribuidor, etc. E. Dentu,
Fecha de publicación, distribución, etc. 1875 (
Lugar de fabricación/manufactura Boulogne :
Fabricante Imprimerie Jules Boyer)
300 ## - DESCRIPCIÓN FÍSICA
Extensión VI, 139 p. ;
Dimensiones 20 cm.
500 ## - NOTA GENERAL
Nota general Una anotación manuscrita en la anteportada señala como autor al Viconte de Figanière.
700 1# - ENTRADA AGREGADA--NOMBRE PERSONAL
Nombre de persona Sésimotto.
9 (RLIN) 105883
700 1# - ENTRADA AGREGADA--NOMBRE PERSONAL
Nombre de persona Figanière, Frederico Francisco de la
Títulos y otros términos asociados al nombre , Visconde.
9 (RLIN) 50735
852 ## - LOCALIZACIÓN
Ubicación ES-MaACL
Número de control de estantería T-210-F-6
Holdings
Estatus retirado Estado de pérdida Estado de daño No para préstamo Colección Biblioteca de origen Biblioteca actual Ubicación en estantería Fecha de adquisición Fuente de adquisición Total de préstamos Signatura topográfica completa Código de barras Visto por última vez Precio de reemplazo Tipo de ítem Koha
        Colección de folletos Biblioteca del Ateneo de Madrid Biblioteca del Ateneo de Madrid Depósito folletos 17/01/2008     T-210-F-6 1056915 23/02/2023 23/02/2023 Folleto